Birokrasi di Negara Birokratis: Makna, Masalah dan Dekonstruksi Birokrasi Indonesia (Record no. 23029)

000 -LEADER
fixed length control field 00574nam a2200169Ia 4500
020 ## - INTERNATIONAL STANDARD BOOK NUMBER
ISBN 978-979-796-043-8
084 ## - OTHER CLASSIFICATION OF CALL NUMBER
Call Number (Nomor Katalog) 128-0203 SAI Gov Bo.1
100 ## - MAIN ENTRY--AUTHOR NAME
Personal name (Pengarang) M. Mas'ud Said
245 #0 - TITLE STATEMENT
Sub Title (Anak Judul) Birokrasi di Negara Birokratis: Makna, Masalah dan Dekonstruksi Birokrasi Indonesia
250 ## - EDITION STATEMENT
Edition statement (Edisi) Ke-3
260 ## - PUBLICATION, DISTRIBUTION, ETC. (IMPRINT)
Place of publication (Tempat Terbit/Kota) Malang
Name of publisher (Nama Penerbit) Universitas Muhammadiyah Malang
Year of publication (Tahun Terbit) 2012
300 ## - PHYSICAL DESCRIPTION
Number of Pages (Jumlah Halaman) i-xiv + 383 hlm
650 ## - SUBJECT ADDED ENTRY--TOPICAL TERM
Topical Term (Topik 1) Government, Pemerintahan
Relator term (Topik 2) G-O-V
Form subdivision (Topik 3) Makna, Masalah dan Dekonstruksi Birokrasi Indonesia
942 ## - ADDED ENTRY ELEMENTS (KOHA)
Koha item type Books (Buku)
Holdings
Withdrawn status Lost status Damaged status Not for loan Permanent Location (Lokasi Permanen) Current Location (Lokasi Sekarang) Shelving location (Lokasi Rak) Date acquired Cost, normal purchase price (Harga Buku) Full call number (Nomor Katalog) Barcode Copy number (Jumlah Eksemplar) Price effective from Koha item type (Jenis Koleksi) Public note (Keterangan)
        Fisip Unmul Main Library Fisip Unmul Main Library Bookshelf 07/17/2023 8.00 128-0203 SAI Gov Bo.1 128020301 2 07/17/2023 Books (Buku) Sumbangan Dari M.Wahyu Arbain Mahasiswa PS Ilmu Pemerintahan
        Fisip Unmul Main Library Fisip Unmul Main Library Bookshelf 07/17/2023   128-0203 SAI Gov Bo.1 128020302   07/17/2023 Books (Buku) Sumbangan Dari M.Wahyu Arbain Mahasiswa PS Ilmu Pemerintahan